Statistics for UK 80's Hits - Odd One Out

Click here to take the quiz!

General Stats

  • This quiz has been taken 21 times
  • The average score is 13 of 20

Answer Stats

QuestionAnswer% Correct
Duran DuranA Night To Remember
95%
ErasureLiving On The Ceiling
95%
The PolicePromised You A Miracle
95%
U2If I Was
90%
Bruce SpringsteenCome back And Stay
80%
Spandau BalletBreak My Stride
75%
MadnessCan't Get Used To Losing You
75%
Donna SummerGloria
70%
MadonnaSelf Control
70%
Alison MoyetCircle In The Sand
65%
Status QuoDance Hall Days
65%
Pet Shop BoysLove And Pride
65%
David BowieWide Boy
65%
Kylie MinogueYou'll Never Stop Me From Loving You
65%
Level 42System Addict
60%
AbbaAnd I Wish
50%
Human LeagueCome Live With Me
40%
Gary NumanMiles Away
40%
The PretendersFind My Love
35%
BananaramaSummertime
30%

Score Distribution

Percentile by Number Answered

Percent of People with Each Score

Your Score History

You have not taken this quiz